Shoes - Statistics

General Stats
  • This quiz has been taken 673 times
  • The average score is 4 of 15
Answer Stats
Hint Answer % Correct
most common brand of tennis shoes nike
87%
skateboarder shoes vans
71%
throwback chuck taylors converse
70%
worn by basketball players jordans
56%
shoes that no one likes crocs
32%
work/casual boots timberlands
28%
college white girls uggs
25%
known for three striped leaf logo addidas
20%
hipster canvas shoe toms
10%
worn by runners brooks
9%
worn by dancers ballet shoes
7%
has a grafitti brand that sells for 200 dollars lebrons
4%
boat shoes sperries
4%
african american male boots polo
3%
thousand dollar pair of shoes guiseppes
1%
No matching quizzes found
Score Distribution
Percent of People with Each Score
Percentile by Number Answered
Your Score History
You have not taken this quiz